Catálogo

REFRAMING INTERNATIONAL DEVELOPMENT GLOBALISM, : (Registro nro. 23815)

Detalles MARC
000 -LEADER
fixed length control field 00577nam a2200169 a 4500
001 - CONTROL NUMBER
control field 23815
005 - DATE AND TIME OF LATEST TRANSACTION
control field 20180713221934.0
008 - FIXED-LENGTH DATA ELEMENTS--GENERAL INFORMATION
fixed length control field 140415s1997 000 0 spa d
020 ## - INTERNATIONAL STANDARD BOOK NUMBER
International Standard Book Number 0803970617
041 ## - LANGUAGE CODE
Language code of text/sound track or separate title spa
082 ## - DEWEY DECIMAL CLASSIFICATION NUMBER
Classification number 337
Item number KEI
100 1# - MAIN ENTRY--PERSONAL NAME
Personal name KEITH, NELSON W.
245 10 - TITLE STATEMENT
Title REFRAMING INTERNATIONAL DEVELOPMENT GLOBALISM, :
Remainder of title POSTMODERNITY AND DIFFERENCE
260 ## - PUBLICATION, DISTRIBUTION, ETC.
Place of publication, distribution, etc. [s.l.] :
Name of publisher, distributor, etc. SAGE PUBLICATIONS,
Date of publication, distribution, etc. 1997
300 ## - PHYSICAL DESCRIPTION
Extent 313
650 14 - SUBJECT ADDED ENTRY--TOPICAL TERM
Topical term or geographic name entry element DESARROLLO ECONOMICO
General subdivision ASPECTOS SOCIALES
-- POSTMODERNISMO
-- ASPECTOS SOCIALES
-- RELACIONES ECONOMICAS INTERNACIONALES
Existencias
Withdrawn status Lost status Source of classification or shelving scheme Damaged status Not for loan Collection code Home library Current library Shelving location Date acquired Source of acquisition Inventory number Total Checkouts Full call number Barcode Date last seen Price effective from Koha item type
    Dewey Decimal Classification     General Biblioteca Karol Wojtyla Biblioteca Karol Wojtyla Sala general 03/12/2013 Compra 151000000000000000052262   337 KEI 44677 05/01/2026 03/12/2013 Libro